00359nam a2200133Ia 4500008004100000020001800041041000800059082001600067245005900083250000600142260004800148300000800196650002100204210716s2011 xx 000 0 und d a9781422172247 aeng a338.04 HARV aHarvard business review succeeding as an entrepreneur. a1 aBostonbHarvard Business School Pressc2011 a195 aEntrepreneurship